Personnages de Kilari - Statistiques

Statistiques générales
  • Ce quiz a été pris 44 fois
  • Le résultat moyen est 4 sur 48
Statistiques - réponses
Personnage % Correct
Kilari Tsukishima
86%
Hiroto Kazama
54%
Seiji Hiwatari
34%
Fubuki Todo
26%
Kame-san
26%
Naa-san
26%
Subaru Tsukishi
14%
Izumi Amakawa
11%
Kasumi Kumoi
11%
Hikaru Mizuki
9%
Miku
9%
Naa-yan
9%
Aoi Kirisawa
6%
Mya-san
6%
Nii-kun
6%
Obaa-chan
6%
Takashi Tsukishima
6%
Tam Tam
6%
Akane Minami
3%
Arashi Amamiya
3%
Kobeni Hanasaki
3%
Luna Tsukishima
3%
Mao
3%
Mio
3%
Mister Na
3%
Mochio Mochida
3%
Sayaka
3%
Tina Garland
3%
Akira Kuroki
0%
Bakusho Tomii
0%
Catherine
0%
Chichimaro
0%
Eiko Tanaka
0%
Erine Ogura
0%
Gengoro Daimonji
0%
Haruko Misora
0%
Kahoru Higashiyama
0%
Kiriya Hayami (Cirrus)
0%
Madame Kuzumi
0%
Mii-tyan
0%
Monsieur Shakuji
0%
Noelie Yukino
0%
Shacho Muranishi
0%
Toridoshi
0%
Tsurara Haruno
0%
Wataru Tsubasa
0%
Yohastu-san
0%
Yoshiko Yamada
0%
Aucun quiz correspondant
Distribution des résultats
% des personnes avec chaque résultat
Percentile par nombre de réponses
Votre historique - résultats
Vous n’avez pas pris ce quiz